| 000 | 00646nam a2200217 a 4500 | ||
|---|---|---|---|
| 001 | 42546 | ||
| 003 | BD-RjUL | ||
| 005 | 20211209053546.0 | ||
| 008 | 160613r19261923enk||||| |||| 00| 0 eng d | ||
| 035 | _a(BD-RjUL)42664 | ||
| 040 |
_aBD-RjUL _beng _cBD-RjUL |
||
| 041 | _aeng | ||
| 082 |
_223 _a330 _bMEC 1926 |
||
| 100 |
_aMesurier, L. LE _9130837 |
||
| 245 | 1 | 0 |
_aCommon-sense economics : _bA practical elementary book for school and general readers / _cL. LE Mesurier |
| 250 | _a2nd edi. | ||
| 260 |
_aLondon : _bJohn Murry, _c1923 [reprint1926] |
||
| 300 |
_axx, 220 p. ; _c18 cm. |
||
| 650 |
_aEconomics _9130838 |
||
| 942 |
_2ddc _cBK |
||
| 999 |
_c42546 _d42546 |
||